[Event "Fischer Memorial Tournie"]
[Site "SchemingMind.com"]
[Date "2008.02.12"]
[Round "-"]
[White "kisei"]
[Black "HanadaNo3"]
[Result "0-1"]
[WhiteCountry "HUN"]
[BlackCountry "USA"]
[WhiteElo "2115"]
[WhiteRD "70"]
[BlackElo "2387"]
[BlackRD "75"]
[GameID "141362"]

1. e4 c5 2. Nf3 d6 3. d4 cxd4 4. Nxd4 Nf6 5. Nc3 a6 6. Be3 e5 7. Nb3 Be6 8. f3 h5 9. Qd2 Nbd7 10. O-O-O Be7
11. Kb1 b5 12. h3 Qc7 13. f4 Rc8 14. f5 Bc4 15. Bxc4 bxc4 16. Nc1 Qb7 17. N1e2 Rb8 18. Qc1 Nxe4 19. Nxe4 Qxe4 20. Nc3 Qxf5
21. Nd5 Nf6 22. Nxe7 Kxe7 23. Rdf1 Qg6
0-1

[Event "Fischer Memorial Tournie"]
[Site "SchemingMind.com"]
[Date "2008.02.12"]
[Round "-"]
[White "HanadaNo3"]
[Black "kisei"]
[Result "1-0"]
[WhiteCountry "USA"]
[BlackCountry "HUN"]
[WhiteElo "2442"]
[WhiteRD "80"]
[BlackElo "2098"]
[BlackRD "70"]
[GameID "141374"]

1. e4 c5 2. Nf3 Nc6 3. Bb5 g6 4. Bxc6 dxc6 5. O-O Bg7 6. c3 Qd3 7. Re1 Nh6 8. Na3 O-O 9. h3 Rd8 10. Re3 Qd6
11. d4 cxd4 12. Rd3 e5 13. cxd4 Be6 14. Nxe5 Bxe5 15. Bxh6 Bg7 16. Bxg7 Kxg7 17. d5 cxd5 18. exd5 Bxd5 19. Nb5 Qc6 20. Nc3
1-0

[Event "Fischer Memorial Tournie"]
[Site "SchemingMind.com"]
[Date "2008.02.12"]
[Round "-"]
[White "Konan_Kaddosh"]
[Black "JasonY1982"]
[Result "1-0"]
[WhiteCountry "ITA"]
[BlackCountry "USA"]
[WhiteElo "2492"]
[WhiteRD "59"]
[BlackElo "1929"]
[BlackRD "63"]
[GameID "141592"]

1. e4 c5 2. Nf3 d6 3. d4 cxd4 4. Nxd4 Nf6 5. Nc3 a6 6. Be2 e5 7. Nb3 Be7 8. O-O O-O 9. Be3 Be6 10. Qd2 Nbd7
11. a4 Rc8 12. a5 Qc7 13. Rfc1 Qc6 14. Bf3 Bc4 15. h3 Rfe8 16. Ra4 Qc7 17. Be2 Bxe2 18. Qxe2 Qc6 19. Qf3 h6 20. Rd1 Red8
21. Nd2 Nc5 22. Rb4 Qc7 23. Nc4 Ncd7 24. Nb6 Nxb6 25. Bxb6 Qc6 26. Bxd8 Bxd8 27. Nd5 Qxc2 28. Nxf6+ Bxf6 29. Rxb7 Qc5 30. Qc3 Qxc3
31. bxc3
1-0

[Event "Fischer Memorial Tournie"]
[Site "SchemingMind.com"]
[Date "2008.02.12"]
[Round "-"]
[White "JasonY1982"]
[Black "Konan_Kaddosh"]
[Result "0-1"]
[WhiteCountry "USA"]
[BlackCountry "ITA"]
[WhiteElo "1929"]
[WhiteRD "63"]
[BlackElo "2492"]
[BlackRD "59"]
[GameID "141604"]

1. e4 c5 2. Nf3 Nc6 3. d4 cxd4 4. Nxd4 e5 5. Nb5 d6 6. c4 Be7 7. N1c3 a6 8. Na3 Be6 9. Bd3 Bg5 10. O-O Bxc1
11. Rxc1 Nf6 12. Nc2 O-O 13. Nd5 a5 14. f4 exf4 15. Nxf4 Qb6+ 16. Kh1 Qxb2 17. a3 Ne5 18. Nxe6 fxe6 19. Qd2 Nfg4 20. h3 Nf2+
0-1

[Event "Fischer Memorial Tournie"]
[Site "SchemingMind.com"]
[Date "2008.03.31"]
[Round "-"]
[White "Joe Daudish"]
[Black "z"]
[Result "0-1"]
[WhiteCountry "USA"]
[BlackCountry "IRQ"]
[WhiteElo "1780"]
[WhiteRD "46"]
[BlackElo "1796"]
[BlackRD "55"]
[GameID "148378"]

1. d4 f5 2. Nf3 e6 3. Bf4 Nf6 4. h3 c5 5. e3 Qb6 6. b3 cxd4 7. Qxd4 Bc5 8. Qd1 O-O 9. Bd3 d6 10. O-O e5
11. Bc4+ Kh8 12. Bh2 Nc6 13. c3 a5 14. Nbd2 Bd7 15. Re1 Be8 16. Qc2 d5 17. Bf1 Nd7 18. a3 Be7 19. b4 e4 20. Nd4 g5
21. N2b3 axb4 22. axb4 Rxa1 23. Rxa1 Bg6 24. Ne6 Rg8 25. Nbd4 Nxd4 26. Nxd4 Bd6 27. Qb3 Bxh2+ 28. Kxh2 Qd6+ 29. Kg1 Nf6 30. c4 f4
31. c5 Qe5 32. Ra7 g4 33. h4 g3 34. f3 Qh5 35. fxe4 dxe4 36. Nf3 exf3 37. gxf3 Qxf3 38. Ra2 Qh5 39. exf4 Be4 40. Bg2 Qxh4
41. Bxe4 Nxe4 42. Qe6 Qxf4 43. Re2 Ng5 44. Qd5 h5 45. Kg2 h4 46. Qe5+ Qxe5 47. Rxe5 h3+ 48. Kf1 g2+
0-1

[Event "Fischer Memorial Tournie"]
[Site "SchemingMind.com"]
[Date "2008.04.01"]
[Round "-"]
[White "z"]
[Black "Joe Daudish"]
[Result "0-1"]
[WhiteCountry "IRQ"]
[BlackCountry "USA"]
[WhiteElo "1796"]
[WhiteRD "55"]
[BlackElo "1780"]
[BlackRD "46"]
[GameID "148386"]

1. e4 e6 2. d4 d5 3. e5 Ne7 4. h4 c5 5. dxc5 Qa5+ 6. c3 Qxc5 7. Nf3 Qc7 8. Bd3 Ng6 9. Qe2 Nc6 10. Bxg6 hxg6
11. Nbd2 Bc5 12. Nf1 b6 13. Ng3 a5 14. Bf4 Ba6 15. Qd2 O-O-O 16. O-O-O d4 17. Kb1 dxc3 18. Qxc3 Bxf2 19. Ne4 Rxd1+ 20. Rxd1 Bc5
21. Nxc5 bxc5 22. Qxc5 Rd8 23. Rc1 Bb7 24. Ng5 Rd7 25. Ne4 Kb8 26. Nd6 Nb4 27. Qb5 Qd8 28. g3 Nd5 29. Rc6 Ka8 30. Nxb7 Rxb7
31. Qa6+ Kb8 32. a3 Nxf4 33. gxf4 Qd1+ 34. Ka2 Qb3+
0-1

[Event "Fischer Memorial Tournie"]
[Site "SchemingMind.com"]
[Date "2008.04.09"]
[Round "-"]
[White "Oskyrain"]
[Black "JOZIN Z BAZIN"]
[Result "1-0"]
[WhiteCountry "ARG"]
[BlackCountry "POL"]
[WhiteElo "2240"]
[WhiteRD "92"]
[BlackElo "1595"]
[BlackRD "62"]
[GameID "149697"]

1. e4 e5 2. Nf3 Nf6 3. Nxe5 d6 4. Nf3 Nxe4 5. d4 Bg4 6. Bd3 Qe7 7. O-O Nc6 8. Bxe4 O-O-O 9. Bxc6 bxc6 10. Qd3 Qf6
11. Bg5 Qf5 12. Qa6+ Kd7 13. Bxd8 Kxd8 14. Nbd2 Be7 15. Qxc6 Qd7 16. Qa8+ Qc8 17. Qxa7 f5 18. Rfe1 Rf8 19. d5 g5 20. Nd4 Ke8
21. Nc6 Rf7 22. Qd4 Kd7 23. Qa4 Qb7 24. Na5+
1-0

[Event "Fischer Memorial Tournie"]
[Site "SchemingMind.com"]
[Date "2008.04.12"]
[Round "-"]
[White "Netferatu"]
[Black "chesshub"]
[Result "1/2-1/2"]
[WhiteCountry "ARG"]
[BlackCountry "FRA"]
[WhiteElo "2304"]
[WhiteRD "90"]
[BlackElo "2436"]
[BlackRD "69"]
[GameID "149698"]

1. e4 e5 2. Nf3 Nc6 3. Bb5 a6 4. Ba4 Nf6 5. O-O Be7 6. Re1 b5 7. Bb3 d6 8. c3 O-O 9. h3 Na5 10. Bc2 c5
11. d4 Qc7 12. Nbd2 cxd4 13. cxd4 Nc6 14. Nb3 a5 15. Be3 a4 16. Nbd2 Bd7 17. Rc1 Qb7 18. Qe2 Rfe8 19. Bd3 Rab8 20. dxe5 Nxe5
21. Nxe5 dxe5 22. Nf3 Bb4 23. Red1 Bc6 24. Bc5 Bxc5 25. Rxc5 Nd7 26. Rc3 Re6 27. Rdc1 h6 28. Qc2 Rc8 29. b4 Kh8 30. a3 Rd6
31. Nh4 g6 32. Nf3 Kg7 33. Kh2 Qb8 34. Qe2 Qb7 35. h4 Rd8 36. h5 g5 37. Qc2 Rc8 38. Kh1 f6 39. Nd2 Nf8 40. Nf1 Ne6
41. Ng3 Nd4 42. Qd2 Rdd8 43. Qe3 Bd7 44. Kg1 Rxc3 45. Rxc3 Bg4 46. Qc1 Rd7 47. f3 Be6 48. Kh1 Qb6 49. Ne2 Nb3 50. Qb1 Qd8
51. Ng3 Bc4 52. Bc2 Kh8 53. Qe1 Kh7 54. Qe3 Qg8 55. Kh2 Nd4 56. Bd1 Qf7 57. Bc2 Rc7 58. Bd3 Bxd3 59. Rxd3 Rc4 60. Kg1 Qc7
61. Ne2 Qd8 62. Kf1 Kg7 63. Qd2 Qd6 64. Kg1 Qc7 65. Qe3=
1/2-1/2

[Event "Fischer Memorial Tournie"]
[Site "SchemingMind.com"]
[Date "2008.04.09"]
[Round "-"]
[White "JOZIN Z BAZIN"]
[Black "Oskyrain"]
[Result "0-1"]
[WhiteCountry "POL"]
[BlackCountry "ARG"]
[WhiteElo "1592"]
[WhiteRD "62"]
[BlackElo "2225"]
[BlackRD "90"]
[GameID "149711"]

1. Nf3 d5 2. c4 e6 3. g3 Nf6 4. d3 dxc4 5. Qa4+ Nc6 6. Qxc4 Be7 7. Bg2 e5 8. Ng5 O-O 9. Bxc6 bxc6 10. Qxc6 Rb8
11. O-O Nd7 12. Nc3 Bxg5 13. f4 Be7 14. Nd5 Bc5+ 15. e3 Bb7 16. Qxc7 Bxd5 17. Qxd8 Rfxd8 18. fxe5 Be7 19. Bd2 Rxb2 20. Rf2 Nxe5
21. Raf1 Nxd3 22. Re2 Be4 23. h4 Rxa2 24. Kh2 Ne5 25. Rff2 Ng4+ 26. Kg1 Nxf2 27. Kxf2 Rdxd2
0-1

[Event "Fischer Memorial Tournie"]
[Site "SchemingMind.com"]
[Date "2008.04.13"]
[Round "-"]
[White "chesshub"]
[Black "Netferatu"]
[Result "1/2-1/2"]
[WhiteCountry "FRA"]
[BlackCountry "ARG"]
[WhiteElo "2427"]
[WhiteRD "75"]
[BlackElo "2279"]
[BlackRD "89"]
[GameID "149712"]

1. e4 e6 2. d4 d5 3. Nd2 c5 4. Ngf3 Nf6 5. exd5 Nxd5 6. dxc5 Bxc5 7. Ne4 Be7 8. Bc4 Nc6 9. O-O O-O 10. c3 h6
11. Qe2 Qc7 12. Ng3 Nf6 13. Ne4 Rd8 14. Nxf6+ Bxf6 15. Bd3 Ne7 16. Re1 Bd7 17. Ne5 Bxe5 18. Qxe5 Qxe5 19. Rxe5 Ba4 20. Be2 Bc6
21. a4 Nd5 22. a5 b5 23. axb6 axb6 24. Rxa8 Rxa8 25. Bf1 b5 26. Re1 Kf8 27. f3 Ke7 28. Kf2 g5 29. h4 gxh4 30. c4 bxc4
31. Bxc4 Nb6 32. Bd3 f6 33. Bxh6 Nd5 34. Bc4 Rb8 35. Bc1 Kd6 36. Rh1 Rh8 37. b4 e5 38. Rd1 h3 39. gxh3 Rxh3 40. b5 Bb7
41. Ba3+ Ke6 42. Kg2 Rh8 43. Bb3 Ra8 44. Bb4 f5 45. Kg3 f4+ 46. Kf2 Rh8 47. Bc3 Rh2+ 48. Kg1 Rh8 49. b6 Rc8 50. Bb4 Ra8
51. Kg2 Ra6 52. Bc5 Ra5 53. Bf2 Ra3 54. Rd3 Ra8 55. Rd2=
1/2-1/2

[Event "Fischer Memorial Tournie"]
[Site "SchemingMind.com"]
[Date "2008.04.11"]
[Round "-"]
[White "HanadaNo3"]
[Black "smothered mate"]
[Result "1-0"]
[WhiteCountry "USA"]
[BlackCountry "POL"]
[WhiteElo "2395"]
[WhiteRD "79"]
[BlackElo "1913"]
[BlackRD "52"]
[GameID "149860"]

1. e4 c5 2. Nf3 d6 3. d4 cxd4 4. Nxd4 Nf6 5. Nc3 g6 6. Be3 Bg7 7. f3 O-O 8. Qd2 Nc6 9. O-O-O d5 10. Qe1 e5
11. Nxc6 bxc6 12. exd5 Nxd5 13. Bc4 Be6 14. h4 h5 15. Bg5 Qb6 16. Nxd5 cxd5 17. Bxd5 Rab8 18. b3 Qc5 19. Bxe6 fxe6 20. Qe4 Rb4
21. Qxg6 Qc3 22. Be7 e4 23. Qxe6+ Kh8 24. Bxb4 Qb2+ 25. Kd2 e3+ 26. Kxe3
1-0

[Event "Fischer Memorial Tournie"]
[Site "SchemingMind.com"]
[Date "2008.04.12"]
[Round "-"]
[White "bernadjm"]
[Black "Robert Pallett"]
[Result "1/2-1/2"]
[WhiteCountry "ESP"]
[BlackCountry "ENG"]
[WhiteElo "2135"]
[WhiteRD "138"]
[BlackElo "2362"]
[BlackRD "79"]
[GameID "149861"]

1. e4 c5 2. Nf3 Nc6 3. d4 cxd4 4. Nxd4 Nf6 5. Nc3 d6 6. Bg5 e6 7. Qd2 a6 8. O-O-O Be7 9. f3 Bd7 10. h4 O-O
11. g4 Nxd4 12. Qxd4 Bc6 13. h5 h6 14. Bd2 Nd7 15. f4 Qb6 16. Qxb6 Nxb6 17. Be3 Nd7 18. Rg1 Rac8 19. Bg2 Rfd8 20. Bf3 Kh8
21. Rdf1 Rf8 22. a3 Kh7 23. Rf2 Bf6 24. Ne2 e5 25. f5 Nc5 26. Nc3 Na4 27. Nxa4 Bxa4 28. Kb1 Bb5 29. Rd1 Rfd8 30. Rfd2 Rc4
31. Bb6 Rdc8 32. c3 Ba4=
1/2-1/2

[Event "Fischer Memorial Tournie"]
[Site "SchemingMind.com"]
[Date "2008.04.15"]
[Round "-"]
[White "Mekk"]
[Black "MichaelDV"]
[Result "0-1"]
[WhiteCountry "POL"]
[BlackCountry "SWE"]
[WhiteElo "1939"]
[WhiteRD "73"]
[BlackElo "2316"]
[BlackRD "65"]
[GameID "149862"]

1. Nf3 d5 2. g3 Nf6 3. Bg2 Bg4 4. d3 Nbd7 5. O-O c6 6. Nbd2 e5 7. h3 Bxf3 8. Nxf3 Bd6 9. c4 O-O 10. Bd2 Re8
11. b4 e4 12. Nh2 h5 13. Qc2 Qe7 14. c5 Be5 15. Bc3 h4 16. g4 a5 17. a3 Bxc3 18. Qxc3 Nf8 19. e3 Ne6 20. d4 axb4
21. axb4 Nc7 22. Rxa8 Rxa8 23. Ra1 Qe8 24. Bf1 Ne6 25. Be2 Nh7 26. Nf1 g6 27. b5 Nhg5 28. Kg2 f5 29. b6 Rxa1 30. Qxa1 f4
31. Bd1 f3+ 32. Kh2 Qb8+ 33. Ng3 hxg3+ 34. fxg3 Nxh3 35. Kxh3 Qf8 36. Qa7 Qh6#
0-1

[Event "Fischer Memorial Tournie"]
[Site "SchemingMind.com"]
[Date "2008.04.15"]
[Round "-"]
[White "Adunatos"]
[Black "Apocalypse"]
[Result "1/2-1/2"]
[WhiteCountry "NED"]
[BlackCountry "USA"]
[WhiteElo "2337"]
[WhiteRD "67"]
[BlackElo "2365"]
[BlackRD "72"]
[GameID "149863"]

1. d4 Nf6 2. Nf3 g6 3. c4 Bg7 4. Nc3 d5 5. Qb3 dxc4 6. Qxc4 O-O 7. e4 a6 8. e5 Nfd7 9. Be3 Nb6 10. Qc5 Bf5
11. h4 h5 12. Be2 Nc6 13. O-O Nd7 14. Qa3 b5 15. Qb3 Na5 16. Qd1 c5 17. Qc1 Rc8 18. dxc5 Nxc5 19. Rd1 Qe8 20. Bxc5 Rxc5
21. Qe3 Rc8 22. Nd5 Bg4 23. b3 Nc6 24. Rac1 Rd8 25. Ne1 Bxe2 26. Qxe2 Nxe5 27. Nc7 Rxd1 28. Nxe8 Rxc1 29. Nxg7 Rd8 30. Qxe5 Rdd1
31. Kh2 Rxe1 32. Qb2 Rb1 33. Qc3 b4=
1/2-1/2

[Event "Fischer Memorial Tournie"]
[Site "SchemingMind.com"]
[Date "2008.04.10"]
[Round "-"]
[White "MazetaFighter"]
[Black "TRFz"]
[Result "1/2-1/2"]
[WhiteCountry "GRE"]
[BlackCountry "GBR"]
[WhiteElo "2048"]
[WhiteRD "67"]
[BlackElo "2167"]
[BlackRD "55"]
[GameID "149864"]

1. d4 Nf6 2. Nf3 g6 3. c4 Bg7 4. Nc3 d5 5. Qb3 dxc4 6. Qxc4 O-O 7. e4 c6 8. Be2 b5 9. Qb3 a5 10. Qc2 Nbd7
11. O-O e5 12. dxe5 Ng4 13. Rd1 Qb6 14. Bf1 Ndxe5 15. Nxe5 Bxe5 16. g3 Bd4 17. Rd2 Be6 18. h3 Ne5 19. Bg2 Bxh3 20. Bxh3 Nf3+
21. Kf1 Nxd2+ 22. Qxd2 Rfe8 23. Qf4 Qc5 24. Be3=
1/2-1/2

[Event "Fischer Memorial Tournie"]
[Site "SchemingMind.com"]
[Date "2008.04.10"]
[Round "-"]
[White "smothered mate"]
[Black "HanadaNo3"]
[Result "0-1"]
[WhiteCountry "POL"]
[BlackCountry "USA"]
[WhiteElo "1938"]
[WhiteRD "52"]
[BlackElo "2387"]
[BlackRD "75"]
[GameID "149868"]

1. e4 e5 2. Nf3 Nc6 3. Nc3 Nf6 4. Nxe5 Nxe5 5. d4 Ng6 6. e5 Ng8 7. Bc4 d5 8. Bxd5 N8e7 9. Bg5 Qd7 10. Be4 Nf5
11. Qh5 h6 12. Be3 Be7 13. d5 Nxe5 14. Bf4 Bf6 15. O-O-O O-O 16. g4 Ng6 17. Bxf5 Nxf4 18. Bxd7 Bxd7 19. Ne4 Nxh5 20. gxh5 Be5
21. h3 Rfe8 22. Nc5 Bf5 23. Rdg1 Bf4+ 24. Kb1 Re2
0-1

[Event "Fischer Memorial Tournie"]
[Site "SchemingMind.com"]
[Date "2008.04.12"]
[Round "-"]
[White "Robert Pallett"]
[Black "bernadjm"]
[Result "1/2-1/2"]
[WhiteCountry "ENG"]
[BlackCountry "ESP"]
[WhiteElo "2362"]
[WhiteRD "79"]
[BlackElo "2135"]
[BlackRD "138"]
[GameID "149869"]

1. e4 e6 2. d4 d5 3. Nc3 dxe4 4. Nxe4 Nd7 5. Nf3 Ngf6 6. Nxf6+ Nxf6 7. Bd3 b6 8. O-O Bb7 9. Ne5 Qd5 10. Nf3 Bd6
11. h3 c5 12. dxc5 Qxc5 13. Be3 Qc7 14. Bb5+ Nd7 15. Qd4 Bxf3 16. gxf3 O-O-O 17. Rad1 Nf6 18. Qa4 Kb8 19. Rd3 Nd5 20. Rfd1 Nxe3
21. fxe3 Bc5 22. Kg2 Rxd3 23. Rxd3 Rd8 24. Ba6=
1/2-1/2

[Event "Fischer Memorial Tournie"]
[Site "SchemingMind.com"]
[Date "2008.04.15"]
[Round "-"]
[White "MichaelDV"]
[Black "Mekk"]
[Result "1-0"]
[WhiteCountry "SWE"]
[BlackCountry "POL"]
[WhiteElo "2319"]
[WhiteRD "64"]
[BlackElo "1960"]
[BlackRD "72"]
[GameID "149870"]

1. d4 d5 2. c4 c6 3. Nf3 Nf6 4. Nc3 e6 5. Bg5 Nbd7 6. e3 Be7 7. Qc2 h6 8. Bh4 O-O 9. Rd1 a6 10. a3 b5
11. c5 a5 12. Bd3 b4 13. Ne2 Ba6 14. O-O Bxd3 15. Qxd3 Ne4 16. Bxe7 Qxe7 17. Ng3 f5 18. axb4 axb4 19. Qb3 Rfb8 20. Ra1 Rxa1
21. Rxa1 Ndf6 22. Nxe4 Nxe4 23. Qa4 Qb7 24. Ne5 Qb5 25. Qxb5 Rxb5 26. Nxc6 Kf7 27. Ne5+ Kg8 28. Ra8+ Kh7 29. c6 b3 30. Nf7 Rb6
31. c7
1-0

[Event "Fischer Memorial Tournie"]
[Site "SchemingMind.com"]
[Date "2008.04.15"]
[Round "-"]
[White "Apocalypse"]
[Black "Adunatos"]
[Result "1-0"]
[WhiteCountry "USA"]
[BlackCountry "NED"]
[WhiteElo "2365"]
[WhiteRD "72"]
[BlackElo "2337"]
[BlackRD "67"]
[GameID "149871"]

1. g4 d5 2. h3 e5 3. Bg2 c6 4. d4 e4 5. c4 h6 6. Nc3 Nf6 7. Bf4 Be7 8. e3 O-O 9. cxd5 cxd5 10. g5 hxg5
11. Bxg5 Be6 12. h4 Nc6 13. h5 Nb4 14. Bf1 Bg4 15. Qd2 Nxh5 16. Bxe7 Qxe7 17. a3 Nc6 18. Nxd5 Qg5 19. Nc3 Nf6 20. Nh3 Qf5
21. f4 exf3 22. Bd3 Qa5 23. Nf4 Nb4 24. Bc4 Rac8 25. Qh2 Bh5 26. Nxh5 Nxh5 27. Kf2
1-0

[Event "Fischer Memorial Tournie"]
[Site "SchemingMind.com"]
[Date "2008.04.10"]
[Round "-"]
[White "TRFz"]
[Black "MazetaFighter"]
[Result "1/2-1/2"]
[WhiteCountry "GBR"]
[BlackCountry "GRE"]
[WhiteElo "2167"]
[WhiteRD "55"]
[BlackElo "2048"]
[BlackRD "67"]
[GameID "149872"]

1. d4 d5 2. c4 e6 3. Nc3 Nf6 4. Bg5 c6 5. Nf3 h6 6. Bh4 dxc4 7. e4 g5 8. Bg3 b5 9. Be2 Bb4 10. Qc2 g4
11. Ne5 Qxd4 12. Nxg4 Nxg4 13. Bxg4 Nd7 14. O-O h5 15. Rad1 Qg7 16. Bh3 Ne5 17. Bxe5 Qxe5 18. f4 Qc5+ 19. Kh1 Bd7 20. f5 O-O-O
21. Ne2=
1/2-1/2

[Event "Fischer Memorial Tournie"]
[Site "SchemingMind.com"]
[Date "2008.04.17"]
[Round "-"]
[White "z"]
[Black "Konan_Kaddosh"]
[Result "0-1"]
[WhiteCountry "IRQ"]
[BlackCountry "ITA"]
[WhiteElo "1796"]
[WhiteRD "55"]
[BlackElo "2496"]
[BlackRD "63"]
[GameID "151012"]

1. b4 Nf6 2. e3 e5 3. b5 d5 4. Bb2 Bd6 5. c4 O-O 6. Nf3 e4 7. Nd4 c5 8. bxc6 Nxc6 9. f4 exf3 10. Nxf3 d4
11. Nxd4 Ng4 12. Nxc6 bxc6 13. Be2 Qh4+ 14. g3 Bxg3+ 15. Kf1 Qh3+
0-1

[Event "Fischer Memorial Tournie"]
[Site "SchemingMind.com"]
[Date "2008.04.17"]
[Round "-"]
[White "Konan_Kaddosh"]
[Black "z"]
[Result "1-0"]
[WhiteCountry "ITA"]
[BlackCountry "IRQ"]
[WhiteElo "2496"]
[WhiteRD "63"]
[BlackElo "1796"]
[BlackRD "55"]
[GameID "151018"]

1. d4 f5 2. g3 e6 3. Nf3 b6 4. Bg2 Bb7 5. O-O Nf6 6. c4 Be7 7. Nc3 O-O 8. b3 Qc8 9. Bb2 Nc6 10. d5 Nd8
11. Qc2 Nf7 12. Rad1 Nd6 13. Ne5 c6 14. c5 bxc5 15. dxe6 dxe6 16. Na4 Nde4 17. Bxe4 Nxe4 18. Nd7 Rd8 19. Qc4 Kf7 20. Ne5+ Kg8
21. Rd7 Nd6 22. Qxe6+ Kf8 23. Qxe7+
1-0

[Event "Fischer Memorial Tournie"]
[Site "SchemingMind.com"]
[Date "2008.07.11"]
[Round "-"]
[White "MazetaFighter"]
[Black "bernadjm"]
[Result "1/2-1/2"]
[WhiteCountry "GRE"]
[BlackCountry "ESP"]
[WhiteElo "2039"]
[WhiteRD "78"]
[BlackElo "2199"]
[BlackRD "124"]
[GameID "162859"]

1. e4 e6 2. d4 d5 3. Nc3 dxe4 4. Nxe4 Nd7 5. Nf3 Ngf6 6. Nxf6+ Nxf6 7. Bd3 c5 8. dxc5 Bxc5 9. Qe2 Qc7 10. O-O O-O
11. Bg5 Nd5 12. Rad1 Nf4 13. Bxf4 Qxf4 14. Qe4 Qxe4 15. Bxe4 f6 16. c3 e5 17. Rd2 Rb8 18. Bd5+ Kh8 19. Rfd1 b5 20. b4 Be7
21. h3 g6 22. a3 Rd8 23. c4 bxc4 24. Bxc4 Bf5 25. Rxd8+ Rxd8 26. Rxd8+ Bxd8 27. Bd5 Bd3 28. Nd2 Bb6 29. Bc4 Bc2 30. Nb3 Kg7
31. Kf1 Bxb3=
1/2-1/2

[Event "Fischer Memorial Tournie"]
[Site "SchemingMind.com"]
[Date "2008.07.10"]
[Round "-"]
[White "bernadjm"]
[Black "MazetaFighter"]
[Result "1-0"]
[WhiteCountry "ESP"]
[BlackCountry "GRE"]
[WhiteElo "2198"]
[WhiteRD "129"]
[BlackElo "2048"]
[BlackRD "67"]
[GameID "162865"]

1. e4 e5 2. Nf3 Nc6 3. Bb5 a6 4. Bxc6 dxc6 5. O-O f6 6. d4 exd4 7. Nxd4 c5 8. Ne2 Qxd1 9. Rxd1 Bd7 10. Be3 O-O-O
11. Nbc3 Bd6 12. Bf4 Bxf4 13. Nxf4 Nh6 14. Nh5 Bg4 15. Rxd8+ Rxd8 16. Nxg7 Rg8 17. h3 Rxg7 18. hxg4 Nxg4 19. Rd1 c6 20. Na4
1-0

[Event "Fischer Memorial Tournie"]
[Site "SchemingMind.com"]
[Date "2008.07.16"]
[Round "-"]
[White "Oskyrain"]
[Black "Chess_Man01"]
[Result "1-0"]
[WhiteCountry "ARG"]
[BlackCountry "GBR"]
[WhiteElo "2261"]
[WhiteRD "97"]
[BlackElo "1935"]
[BlackRD "59"]
[GameID "162993"]

1. e4 e5 2. Nf3 Nc6 3. Bb5 a6 4. Ba4 Nf6 5. O-O Be7 6. Re1 d6 7. c3 b5 8. Bc2 O-O 9. d4 Bg4 10. d5 Na5
11. Nbd2 c5 12. Nf1 Rb8 13. b3
1-0

[Event "Fischer Memorial Tournie"]
[Site "SchemingMind.com"]
[Date "2008.07.16"]
[Round "-"]
[White "Chess_Man01"]
[Black "Oskyrain"]
[Result "0-1"]
[WhiteCountry "GBR"]
[BlackCountry "ARG"]
[WhiteElo "1935"]
[WhiteRD "59"]
[BlackElo "2261"]
[BlackRD "97"]
[GameID "163002"]

1. e4 c5 2. Nf3 Nc6 3. d4 cxd4 4. Nxd4 Nf6 5. Nc3 d6 6. Bg5 e6 7. Qd2 a6 8. O-O-O h6 9. Be3 Be7 10. f4 Bd7
11. h3 b5 12. Bd3 Nxd4 13. Bxd4 b4
0-1

[Event "Fischer Memorial Tournie"]
[Site "SchemingMind.com"]
[Date "2008.08.01"]
[Round "-"]
[White "MichaelDV"]
[Black "Apocalypse"]
[Result "1/2-1/2"]
[WhiteCountry "SWE"]
[BlackCountry "USA"]
[WhiteElo "2359"]
[WhiteRD "67"]
[BlackElo "2360"]
[BlackRD "73"]
[GameID "165094"]

1. d4 d5 2. Nf3 c6 3. c4 Nf6 4. Nc3 Bf5 5. cxd5 Nxd5 6. Qb3 Qb6 7. Nxd5 cxd5 8. Qxd5 e6 9. Qb3 Nc6 10. Bd2 Qxb3
11. axb3 Nb4 12. Ra4 a5 13. e3 Bd6 14. Bb5+ Ke7 15. Ke2 Bc2 16. Bc4 Rhb8 17. Rc1 b5 18. Bxb4 Bxb4 19. Raa1 bxc4 20. Rxc2 cxb3
21. Rc7+ Ke8 22. Nd2 a4 23. Nc4 Ra6 24. Na3 Bd6 25. Rc4 h6 26. h3 Kd7 27. Kd3 f5 28. Nb1=
1/2-1/2

[Event "Fischer Memorial Tournie"]
[Site "SchemingMind.com"]
[Date "2008.08.01"]
[Round "-"]
[White "Apocalypse"]
[Black "MichaelDV"]
[Result "1/2-1/2"]
[WhiteCountry "USA"]
[BlackCountry "SWE"]
[WhiteElo "2361"]
[WhiteRD "77"]
[BlackElo "2396"]
[BlackRD "71"]
[GameID "165098"]

1. g4 d5 2. h3 e5 3. Bg2 c6 4. d4 e4 5. c4 h5 6. g5 Ne7 7. h4 Nf5 8. Nc3 Be6 9. Bf4 Bd6 10. Bxd6 Qxd6
11. e3 Nd7 12. Nge2 O-O-O 13. Qb3 dxc4 14. Qc2 Kb8 15. O-O-O Qe7 16. Qxe4 Nd6 17. Qf4 Nf8 18. Qg3 Bg4 19. d5 c5 20. e4 Bxe2
21. Nxe2 Nd7 22. Nc3 Ne5 23. f4 Nd3+ 24. Rxd3 cxd3 25. Qxd3 f6 26. Re1 Nf5 27. Qh3 Nd4 28. e5 Rhe8 29. Kb1 Qc7 30. Qe3 fxe5=
31. fxe5 Rf8 32. b3 Nf5 33. Qe4 Rde8 34. Na4 c4 35. b4 a5 36. Bh3 Nd6 37. exd6 Qxd6 38. Be6 Rf4 39. Qe2 Qxb4+ 40. Ka1 Ref8
41. Rb1 Qxb1+ 42. Kxb1 Rf1+ 43. Kc2 R1f2 44. Kd1 Rxe2 45. Kxe2 Kc7 46. Nc3 Rf4=
1/2-1/2

[Event "Fischer Memorial Tournie"]
[Site "SchemingMind.com"]
[Date "2008.09.19"]
[Round "-"]
[White "Dr_Pat"]
[Black "chesshub"]
[Result "0-1"]
[WhiteCountry "USA"]
[BlackCountry "FRA"]
[WhiteElo "2022"]
[WhiteRD "57"]
[BlackElo "2477"]
[BlackRD "64"]
[GameID "171689"]

1. d4 Nf6 2. c4 e6 3. Nc3 Bb4 4. Qc2 O-O 5. Nf3 c5 6. a3 Bxc3+ 7. Qxc3 cxd4 8. Qxd4 Nc6 9. Qd3 d5 10. Bg5 h6
11. cxd5 exd5 12. Bh4 g5 13. Bg3 Re8 14. O-O-O Ne4 15. Qxd5 Qf6 16. Nd4 Nxd4
0-1

[Event "Fischer Memorial Tournie"]
[Site "SchemingMind.com"]
[Date "2008.09.19"]
[Round "-"]
[White "chesshub"]
[Black "Dr_Pat"]
[Result "1-0"]
[WhiteCountry "FRA"]
[BlackCountry "USA"]
[WhiteElo "2477"]
[WhiteRD "64"]
[BlackElo "2022"]
[BlackRD "57"]
[GameID "171696"]

1. e4 Nf6 2. e5 Nd5 3. d4 d6 4. Nf3 Bg4 5. Be2 e6 6. O-O Be7 7. c4 Nb6 8. Nc3 O-O 9. Be3 Nc6 10. exd6 cxd6
11. d5 exd5 12. Nxd5 Bxf3 13. Bxb6 axb6 14. Bxf3 Bf6 15. Qd2 Re8 16. Rae1 Be5 17. a3 Ra4 18. Be2 g6 19. Bd3 f5 20. f4 Bd4+
21. Kh1 Rxe1 22. Rxe1 Kh8 23. Bf1 Kg7 24. b4 Bf6 25. Qe3 Bd4 26. Qb3 Ra7 27. b5 Na5 28. Qd1 Bf6 29. Re6
1-0

[Event "Fischer Memorial Tournie"]
[Site "SchemingMind.com"]
[Date "2008.10.16"]
[Round "-"]
[White "HanadaNo3"]
[Black "Oskyrain"]
[Result "1-0"]
[WhiteCountry "USA"]
[BlackCountry "ARG"]
[WhiteElo "2435"]
[WhiteRD "76"]
[BlackElo "2288"]
[BlackRD "100"]
[GameID "175089"]

1. e4 c5 2. Nf3 Nc6 3. d4 cxd4 4. Nxd4 Nf6 5. Nc3 d6 6. h3 g6 7. Be3 Bg7 8. Qd2 O-O 9. O-O-O Bd7 10. g4 Rc8
11. Kb1 Qc7 12. f3 a6 13. h4 b5 14. a3 b4 15. axb4 Rb8 16. g5 Nh5 17. Nd5 Qb7 18. c3 Rfe8 19. Nxc6 Bxc6 20. Bc4 Ba4
21. Qd3 e6 22. Bxa6 Qc6 23. b5 Bxb5 24. Bxb5 Rxb5 25. Nb4 Qb7 26. Qxd6 Ra8 27. Qd7 Qb8 28. Rd2 Rb7 29. Qd6 Qe8 30. Rc1 Rc8
31. Rcd1 Bf8 32. Qa6 Rbb8 33. Rd7 Bxb4 34. cxb4 Rd8 35. Rxd8 Rxd8 36. Rxd8 Qxd8 37. Kc2 Ng7 38. b5 Qc7+ 39. Qc6 Ne8 40. Qxc7 Nxc7
41. b6 Na6 42. b7 Kf8 43. Bf4
1-0